| 000 | 00877nam a2200277 a 4500 | ||
|---|---|---|---|
| 001 | 24684 | ||
| 003 | CO-ViMGA | ||
| 005 | 20230915232013.0 | ||
| 008 | 141112s2004 ck r 000 u spa d | ||
| 020 | _a8437617626 | ||
| 035 | _aADB1212 LA | ||
| 040 |
_aCO-ViMGA _bspa _cCO-ViMGA |
||
| 041 | _aspa | ||
| 043 | _an - us - - - | ||
| 082 | 0 | 4 | _a927.8 L67e |
| 100 | 1 |
_aLópez Martínez, Andres _936807 |
|
| 245 | 1 | 0 |
_aElvis Presley / _cAndres López Martínez |
| 260 |
_aMadrid : _bCátedra, _c1999. |
||
| 300 | _a153 p. ; 18 cm. | ||
| 490 | _aColección Rock Pop ; 5 | ||
| 600 |
_aPresley, Elvis, 1935 - 1977. _936808 |
||
| 650 | 1 | 4 |
_aMúsica estadounidense. _936809 |
| 942 |
_2ddc _cBK |
||
| 949 | _an n | ||
| 999 |
_c32494 _d32494 |
||